000 01220cam a22001934a 4500
005 20250605164029.0
008 250528s ||||||||||||||||||||||||d
035 _a16549
020 _a9607293215
040 _aGR-AtMCL
_bgre
_dGR-AtMCL
_eAACR2
245 1 _aΕπισκόπηση της Νεοελληνικής Ιστορίας
260 _bΘεμέλιο,
_c1992
300 _a340
520 _aΜία σύντομη συνθετική επισκόπηση της πορείας ενός πανάρχαιου λαού από τη στιγμή που αρχίζει να διαμορφώνεται σε έθνος, με το σημερινό νόημα του όρου, ως τις μέρες μας. Εισαγωγή, Ο Ελληνισμός Κάτω από την Ξένη Κατάκτηση, Ο Πόλεμος της Ανεξαρτησίας, Το Ελεύθερο Ελληνικό Κράτος, Εξέλιξη της Νεότερης Ελλάδας, Η Ελλάδα ως Σύγχρονο Κράτος, Συμπέρασμα, Βιβλιογραφικός Οδηγός, Γενικό Ευρετήριο.
700 1 _aΣβορωνος Νικος Γ
_92648
942 _cBK
999 _c2041
_d2041